| 000 | 00467nam a2200169Ia 4500 | ||
|---|---|---|---|
| 008 | 130318s9999 xx 000 0 und d | ||
| 020 | _a8129700514 | ||
| 082 | _a005.1028 CHR/C | ||
| 100 | _aChrissis, Mary Beth | ||
| 245 | _aCMMI : Guidelines for process integration and product improvement | ||
| 260 |
_bPearson Education _aNew Delhi _c2004 |
||
| 300 | _a663 | ||
| 650 | _aCMMI | ||
| 650 | _aSOFTWARE ENGINEERING | ||
| 700 | _aKonrad, Mike | ||
| 700 | _aShrum, Sandy | ||
| 999 |
_c908 _d908 |
||